Práce jako na kostele
Gespeichert in:
| Weitere Verfasser: | |
|---|---|
| Format: | Buch |
| Sprache: | Tschechisch |
| Veröffentlicht: |
Stříbro :
Český západ-Místní parterství,
2010
|
| Ausgabe: | 2. vyd |
| Schlagworte: | |
| Tags: |
Keine Tags, Fügen Sie das erste Tag hinzu!
|
MARC
| LEADER | 00000nam a22000003a 4500 | ||
|---|---|---|---|
| 001 | stu217226 | ||
| 005 | 20150617230113.5 | ||
| 008 | 101123s2010----xr------------------cze-d | ||
| 020 | |a 978-80-904713-0-6 | ||
| 040 | |a STU |b slo | ||
| 041 | 0 | |a cze | |
| 044 | |a xr | ||
| 100 | 1 | |a Kvasničková, Kateřina |4 edt | |
| 245 | 1 | |a Práce jako na kostele | |
| 250 | |a 2. vyd | ||
| 260 | |a Stříbro : |b Český západ-Místní parterství, |c 2010 | ||
| 300 | |a 183 s | ||
| 650 | 7 | |a ochrana pamiatok |2 stusub | |
| 650 | 7 | |a kostoly |2 stusub | |
| 996 | |b 284AU04619 |c A*7151 |l AA3130 |s P |a 0 |w stu217226_0001 | ||